札幌市営地下鉄全駅 - Statistics

General Stats
  • This quiz has been taken 29 times
  • The average score is 27 of 49
Answer Stats
ナンバリング 駅名 % Correct
N06 さっぽろ
94%
N07 大通
94%
T09 大通
94%
H07 さっぽろ
94%
H08 大通
94%
N08 すすきの
89%
N16 真駒内
89%
T19 新さっぽろ
89%
N15 自衛隊前
83%
南北線-N01 麻生
67%
N12 平岸
67%
N03 北24条
67%
N13 南平岸
61%
東西線-T01 宮の沢
61%
T06 円山公園
61%
T10 バスセンター前
61%
T13 白石
61%
H09 豊水すすきの
61%
H14 福住
61%
N04 北18条
61%
T03 琴似
56%
東豊線-H01 栄町
56%
N02 北34条
56%
N09 中島公園
50%
T12 東札幌
50%
T17 大谷地
50%
H10 学園前
50%
T08 西11丁目
50%
N05 北12条
50%
T15 南郷13丁目
50%
T07 西18丁目
50%
T16 南郷18丁目
50%
T05 西28丁目
44%
N10 幌平橋
39%
N11 中の島
39%
N14 澄川
39%
T02 発寒南
39%
T11 菊水
39%
T18 ひばりが丘
39%
H05 東区役所前
39%
T14 南郷7丁目
39%
T04 二十四軒
33%
H02 新道東
33%
H03 元町
33%
H11 豊平公園
33%
H13 月寒中央
33%
H04 環状通東
28%
H12 美園
28%
H06 北13条東
28%
No matching quizzes found
Score Distribution
Percent of People with Each Score
Percentile by Number Answered
Your Score History
You have not taken this quiz